| 000 | 00844nam a22002415a 4500 | ||
|---|---|---|---|
| 005 | 20161219135700.0 | ||
| 008 | 161219s2014 enka frb 001 0 eng d | ||
| 020 | _a9780415751827 | ||
| 040 |
_aEG-ScBUE _beng _cEG-ScBUE _dEG-ScBUE |
||
| 082 | 0 | 4 |
_222 _a332.10941 _bCOL |
| 100 | 1 |
_aCollins, Michael, _d1946- |
|
| 245 | 1 | 0 |
_aMoney and banking in the UK : _ba history / _cMichael Collins. |
| 260 |
_aOxfordshire ; _aNew York : _bRoutledge / Taylor & Francis Group, _c2014. |
||
| 300 |
_a640 p. : _bill. ; _c24 cm. |
||
| 490 | 0 |
_aRoutledge library editions. Banking and finance ; _v6 |
|
| 500 | _aIndex : p. 627-640. | ||
| 504 | _aBibliography : p. 593-626. | ||
| 650 | 7 |
_2BUEsh _aBanks and banking _zGreat Britain _xHistory. |
|
| 650 | 7 |
_aMoney _zGreat Britain _xHistory. _2BUEsh |
|
| 651 | _2BUEsh | ||
| 653 |
_bBUSADM _cDecember2016 |
||
| 942 | _2ddc | ||
| 999 |
_c23630 _d23602 |
||